Biblioteca Atrium del interiorismo / (Registro nro. 2517)
[ vista simple ]
| 000 -LEADER | |
|---|---|
| fixed length control field | 01558nam a2200337Ia 4500 |
| 003 - CONTROL NUMBER IDENTIFIER | |
| control field | OSt |
| 005 - DATE AND TIME OF LATEST TRANSACTION | |
| control field | 20260309211026.0 |
| 008 - FIXED-LENGTH DATA ELEMENTS--GENERAL INFORMATION | |
| fixed length control field | 200515s9999 xx 000 0 und d |
| 020 ## - INTERNATIONAL STANDARD BOOK NUMBER | |
| International Standard Book Number | 84-7764-632-5 |
| 040 ## - CATALOGING SOURCE | |
| Original cataloging agency | PE SENCICO BE |
| Transcribing agency | PE SENCICO BE |
| 041 ## - LANGUAGE CODE | |
| Language code of text/sound track or separate title | spa |
| 082 ## - DEWEY DECIMAL CLASSIFICATION NUMBER | |
| Classification number | 747 |
| Item number | B |
| 245 10 - TITLE STATEMENT | |
| Title | Biblioteca Atrium del interiorismo / |
| Statement of responsibility, etc. | editor: Francisco Asensio Cerver |
| 250 ## - EDITION STATEMENT | |
| Edition statement | [1a ed.] |
| 260 ## - PUBLICATION, DISTRIBUTION, ETC. | |
| Place of publication, distribution, etc. | Barcelona : |
| Name of publisher, distributor, etc. | Grupo Editorial Océano ; |
| Date of publication, distribution, etc. | sin año |
| 300 ## - PHYSICAL DESCRIPTION | |
| Extent | tomos : |
| Other physical details | ilustraciones, fotografías ; |
| Dimensions | 29.5 cm. |
| 490 ## - SERIES STATEMENT | |
| Series statement | Colección técnica de bibliotecas profesionales |
| 505 0# - FORMATTED CONTENTS NOTE | |
| Formatted contents note | Tomo 1: Arquitectura de ayer interiorismo de hoy -- Lo rústico puesto al día -- Ideas para habilitar espacios únicos -- Tomo 2: Los estilos se dan cita -- Apartamentos bien resueltos -- Tomo 3: Casas de coleccionistas -- Casas en la costa -- Vivir a dos niveles -- Tomo 4: Casas de gran ciudad -- Lo racional y lo escueto -- Tomo 5: A la decoración por las plantas -- Casas en el campo -- El valor de los grandes espacios |
| 520 3# - SUMMARY, ETC. | |
| Summary, etc. | Presenta diferentes tendencias del interiorismo europeo con proyectos representativos y la forma de vivir actual |
| 650 10 - SUBJECT ADDED ENTRY--TOPICAL TERM | |
| Topical term or geographic name entry element | Diseño de interiores |
| 9 (RLIN) | 315 |
| 650 20 - SUBJECT ADDED ENTRY--TOPICAL TERM | |
| Topical term or geographic name entry element | Decoración y ornamentación |
| 9 (RLIN) | 397 |
| 650 20 - SUBJECT ADDED ENTRY--TOPICAL TERM | |
| Topical term or geographic name entry element | Arquitectura |
| 9 (RLIN) | 343 |
| 650 20 - SUBJECT ADDED ENTRY--TOPICAL TERM | |
| Topical term or geographic name entry element | Historia |
| 9 (RLIN) | 383 |
| 650 20 - SUBJECT ADDED ENTRY--TOPICAL TERM | |
| Topical term or geographic name entry element | Diseño arquitectónico |
| 9 (RLIN) | 316 |
| 650 20 - SUBJECT ADDED ENTRY--TOPICAL TERM | |
| Topical term or geographic name entry element | Ebanistería |
| 9 (RLIN) | 429 |
| 650 20 - SUBJECT ADDED ENTRY--TOPICAL TERM | |
| Topical term or geographic name entry element | Pavimentos |
| 9 (RLIN) | 367 |
| 650 20 - SUBJECT ADDED ENTRY--TOPICAL TERM | |
| Topical term or geographic name entry element | Madera |
| 9 (RLIN) | 310 |
| 650 20 - SUBJECT ADDED ENTRY--TOPICAL TERM | |
| Topical term or geographic name entry element | Puertas |
| 9 (RLIN) | 337 |
| 700 ## - ADDED ENTRY--PERSONAL NAME | |
| Personal name | Asensio Cerver, Francisco |
| 9 (RLIN) | 579 |
| Relator term | editor |
| 942 ## - ADDED ENTRY ELEMENTS (KOHA) | |
| Koha item type | Libros |
| Source of classification or shelving scheme | Dewey Decimal Classification |
| Fecha de la última vez que lo usaron | Pago total | Signatura topográfica completa | Código de barras | Tipo de documento | Estado perdido | Sistema de clasificación | Estado dañado | No es para préstamo | Retirado | Ubicación permanente | Ubicación actual | Precio efectivo desde | Fecha de adquisición |
|---|---|---|---|---|---|---|---|---|---|---|---|---|---|
| 15/05/2020 | 747/B/t. 1 | BibZpiur26032632 | Libros | Dewey Decimal Classification | Biblioteca Piura | Biblioteca Piura | |||||||
| 09/03/2026 | 747/B/t. 2 | BibZpiur26032633 | Libros | Dewey Decimal Classification | Biblioteca Piura | Biblioteca Piura | 09/03/2026 | 09/03/2026 | |||||
| 09/03/2026 | 747/B/t. 3 | BibZpiur26032634 | Libros | Dewey Decimal Classification | Biblioteca Piura | Biblioteca Piura | 09/03/2026 | 09/03/2026 | |||||
| 09/03/2026 | 747/B/t. 4 | BibZpiur26032635 | Libros | Dewey Decimal Classification | Biblioteca Piura | Biblioteca Piura | 09/03/2026 | 09/03/2026 | |||||
| 09/03/2026 | 747/B/t. 5 | BibZpiur26032636 | Libros | Dewey Decimal Classification | Biblioteca Piura | Biblioteca Piura | 09/03/2026 | 09/03/2026 |